[Event "PRO League Group Stage"]
[Site "chess.com INT"]
[Date "2019.03.13"]
[Round "10"]
[White "Hong, Andrew"]
[Black "Bartholomew, John"]
[Result "1/2-1/2"]
[WhiteTitle "FM"]
[BlackTitle "IM"]
[WhiteElo "2390"]
[BlackElo "2439"]
[WhiteTeam "San Francisco Mechanics"]
[BlackTeam "Minnesota Blizzard"]
[WhiteFideId "2099438"]
[BlackFideId "2019353"]
[EventDate "2019.01.08"]

1. e4 d5 2. exd5 Qxd5 3. Nc3 Qd8 4. d4 Nf6 5. Nf3 Bg4 6. Be2 c6 7. O-O e6 8. h3
Bh5 9. Bf4 Be7 10. Ne5 Bxe2 11. Nxe2 O-O 12. c3 Nbd7 13. Ng3 Nd5 14. Bd2 Nxe5
15. dxe5 Qc7 16. c4 Nb4 17. Bc3 Rad8 18. Qg4 Kh8 19. Ne4 Nd3 20. Qg3 f5 21. exf6
Qxg3 22. fxg3 gxf6 23. Nxf6 Bc5+ 24. Kh2 Bd4 25. Nd7 Rxf1 26. Bxd4+ e5 27. Rxf1
exd4 28. Rf7 Kg8 29. Re7 Nxb2 30. Nf6+ Kf8 31. Rxb7 Nxc4 32. Nxh7+ Kg8 33. Nf6+
Kf8 34. Nh7+ Kg8 35. Nf6+ Kf8 1/2-1/2

[Event "PRO League Group Stage"]
[Site "chess.com INT"]
[Date "2019.03.13"]
[Round "10"]
[White "Xiong, Jeffery"]
[Black "Mamedyarov, Shakhriyar"]
[Result "1-0"]
[WhiteTitle "GM"]
[BlackTitle "GM"]
[WhiteElo "2672"]
[BlackElo "2817"]
[WhiteTeam "Dallas Destiny"]
[BlackTeam "San Jose Hackers"]
[WhiteFideId "2047640"]
[BlackFideId "13401319"]
[EventDate "2019.01.08"]

1. d4 Nf6 2. Nf3 b6 3. c4 Bb7 4. g3 g6 5. Bg2 Bg7 6. O-O O-O 7. Qc2 e6 8. Nc3 d5
9. Ne5 c6 10. Rd1 Nbd7 11. e4 dxe4 12. Nxe4 Nxe4 13. Bxe4 Qc7 14. Nxd7 Qxd7 15.
Be3 Rfd8 16. c5 Qe7 17. Qb3 Rab8 18. Qa4 b5 19. Qc2 a5 20. Bf4 e5 21. dxe5 Bxe5
22. Bxe5 Qxe5 23. Bf3 b4 24. a3 bxa3 25. bxa3 Ba6 26. Bxc6 Rdc8 27. Bd5 Rb2 28.
Qc1 Qf6 29. Qe3 Re2 30. Qf3 Qxf3 31. Bxf3 Rc2 32. c6 Be2 33. Bxe2 Rxe2 34. Rac1
Kg7 35. Rd5 Re6 36. c7 Re7 37. Rdc5 Rd7 38. Rc6 Rd3 39. a4 Rd4 40. R1c4 Rxc4 41.
Rxc4 Kf6 42. Kg2 Ke5 43. Kf3 Kd6 44. Ke4 Rxc7 45. Rxc7 Kxc7 46. Kd5 Kb6 47. Kd6 1-0

[Event "PRO League Group Stage"]
[Site "chess.com INT"]
[Date "2019.03.13"]
[Round "10"]
[White "Safarli, Eltaj"]
[Black "Holt, Conrad"]
[Result "1/2-1/2"]
[WhiteTitle "GM"]
[BlackTitle "GM"]
[WhiteElo "2681"]
[BlackElo "2548"]
[WhiteTeam "San Jose Hackers"]
[BlackTeam "Dallas Destiny"]
[WhiteFideId "13402129"]
[BlackFideId "2034387"]
[EventDate "2019.01.08"]

1. e4 e6 2. d4 d5 3. Nd2 c5 4. Ngf3 cxd4 5. Nxd4 Nc6 6. Bb5 Bd7 7. Nxc6 bxc6 8.
Bd3 Qc7 9. Qe2 Bd6 10. Nf3 f6 11. O-O Ne7 12. c4 dxe4 13. Bxe4 Rd8 14. Be3 c5
15. Rfd1 e5 16. b4 O-O 17. Rxd6 Qxd6 18. Bxc5 Qe6 19. b5 Rc8 20. Qe3 Kh8 21. Qa3
Rfe8 22. Rc1 Qg4 23. Nd2 f5 24. Bxe7 fxe4 25. Nf1 Bxb5 26. Bc5 Bc6 27. Ne3 Qg6
28. Bd6 Rcd8 29. c5 Qe6 30. Qxa7 Ra8 31. Qb6 Rec8 32. Qb3 Bd7 33. Qxe6 Bxe6 34.
c6 Ra6 35. Bxe5 Raxc6 36. Rxc6 Rxc6 37. g4 Bxg4 38. Nxg4 Rg6 39. h3 h5 40. Kf1
hxg4 41. hxg4 Rxg4 42. Ke2 Kh7 43. a4 Rg5 44. Bd4 Ra5 45. Ke3 Rxa4 46. Kxe4 Kg6
47. Ke3 Kf7 48. Be5 g6 49. Kf3 Ke6 50. Bg3 Kf5 51. Kg2 Ra2 52. Bc7 Kg4 53. Bd6
Rb2 54. Be5 Rb3 55. Bd6 Rf3 56. Bc7 Rf6 57. Be5 Re6 58. Bc7 Re2 59. Bd6 Rc2 60.
Be5 Kf5 61. Bb8 Rc4 62. Bd6 Rg4+ 63. Kf3 Rg1 64. Bh2 Rg5 65. Bf4 Rh5 66. Bg3 Kg5
67. Bc7 Kh4 68. Kg2 Rg5+ 69. Kh2 Rg4 70. Bg3+ Kg5 71. Kg2 Kf5 72. Kf3 Rb4 73.
Kg2 Ke4 74. Bd6 Rb5 75. Bc7 Rg5+ 76. Bg3 Rh5 77. Bc7 Rh4 78. Kg3 Rh7 79. Bd6 Rd7
80. Bb8 Rb7 81. Bd6 Rb6 82. Bc7 Rb5 83. Kg2 Rg5+ 84. Bg3 Rh5 85. Bc7 g5 86. Bg3
Kf5 87. Bc7 Kg4 88. Bg3 Rh7 89. Bd6 Rb7 90. Be5 Rb4 91. Bd6 Rc4 92. Be5 Kf5 93.
Bb8 Rc3 94. Bg3 Ke4 95. Bd6 Rc6 96. Bb8 Rh6 97. Bg3 Kf5 98. Bb8 Rh4 99. Bg3 Rg4
100. Kf3 Ra4 101. Kg2 Kg4 102. Bd6 Ra2 103. Bc7 Kf5 104. Bd6 Ra6 105. Bc7 Rh6
106. Bg3 Kg4 107. Bc7 Rc6 108. Be5 Rc4 109. Bb8 Kh4 110. Bg3+ Kh5 111. Kf3 Rc1
112. Kg2 Rb1 113. Be5 Kg4 114. Bg3 Kf5 115. Bd6 Ke4 116. Bg3 Kd3 117. Kf3 Rb4
118. Bd6 Rd4 119. Be7 Rf4+ 120. Kg3 Ke2 121. Bxg5 Rxf2 122. Kg4 Kd3 123. Kg3 Rf7
124. Bd8 Ke4 125. Bb6 Rf3+ 126. Kg2 Rb3 127. Ba7 Kf4 128. Bc5 Rb2+ 129. Kh1 Kf3
130. Bg1 Rb7 131. Bd4 Kg3 132. Be5+ Kf2 133. Bd4+ Kf3 134. Be5 Rd7 135. Kg1 Rd2
136. Kh1 Rd1+ 137. Kh2 Kf2 138. Bg3+ Kf3 139. Be5 Rd7 140. Kh1 Kf2 141. Bf4 Rd8
142. Be5 Rd1+ 143. Kh2 Rd5 144. Bg3+ Kf3 145. Bc7 Rc5 146. Bd6 Rc2+ 147. Kh1 Rg2
148. Bc7 Rg8 149. Bd6 Kf2 150. Bc5+ Kf1 151. Bd6 Rh8+ 152. Bh2 Rh7 1/2-1/2

[Event "PRO League Group Stage"]
[Site "chess.com INT"]
[Date "2019.03.13"]
[Round "10"]
[White "Preotu, Razvan"]
[Black "Aleskerov, Faik"]
[Result "0-1"]
[WhiteTitle "GM"]
[WhiteElo "2524"]
[BlackElo "2315"]
[WhiteTeam "Dallas Destiny"]
[BlackTeam "San Jose Hackers"]
[WhiteFideId "2613280"]
[BlackFideId "13401262"]
[EventDate "2019.01.08"]

1. e4 e5 2. Nf3 Nf6 3. Nxe5 d6 4. Nf3 Nxe4 5. Nc3 Nxc3 6. dxc3 Be7 7. Be3 Nc6 8.
Qd2 Bg4 9. Nd4 Bf6 10. Nxc6 bxc6 11. h3 Be6 12. g4 a5 13. Bg2 d5 14. O-O Be7 15.
f4 f5 16. Rae1 O-O 17. Bd4 Bf7 18. g5 a4 19. Bf3 Rb8 20. b3 Qd7 21. Re2 Bd6 22.
Rfe1 Rfe8 23. Be5 Bf8 24. Kg2 Ra8 25. h4 axb3 26. cxb3 c5 27. h5 Ra6 28. b4 Rea8
29. bxc5 Bxc5 30. Bd4 Bf8 31. Qe3 Rxa2 32. Rxa2 Rxa2+ 33. Re2 Ra8 34. Qd3 c5 35.
Be5 Ra3 36. Qd2 d4 37. cxd4 Rxf3 38. Kxf3 Bxh5+ 39. Kf2 Bxe2 40. Qxe2 Qd5 41.
Qf3 Qxf3+ 42. Kxf3 cxd4 43. Bxd4 Kf7 44. Bc3 Ke6 45. Bb2 Kd5 46. Bc3 Ke6 47. Bb2
Kf7 48. Bc3 Kg6 49. Bb2 h6 50. gxh6 gxh6 51. Bc3 h5 52. Be1 Be7 53. Bf2 Kf7 54.
Be1 Ke6 55. Bf2 Kd5 56. Be1 Kc4 57. Bf2 Kd3 58. Be1 Kc2 59. Ke2 h4 60. Kf3 Kd1
61. Bf2 Bd8 62. Bd4 Ke1 63. Bc5 Kf1 64. Bd4 Ba5 65. Bf2 h3 0-1

[Event "PRO League Group Stage"]
[Site "chess.com INT"]
[Date "2019.03.13"]
[Round "10"]
[White "Ravuri, Vinesh"]
[Black "Zhu, Jiner"]
[Result "0-1"]
[BlackTitle "WIM"]
[WhiteElo "2042"]
[BlackElo "2424"]
[WhiteTeam "San Jose Hackers"]
[BlackTeam "Dallas Destiny"]
[WhiteFideId "45042632"]
[BlackFideId "8608059"]
[EventDate "2019.01.08"]

1. d4 Nf6 2. Nc3 d5 3. Bf4 Bf5 4. e3 e6 5. f3 h6 6. g4 Bg6 7. h4 Bd6 8. Nh3 c6
9. Bd3 Bxd3 10. Qxd3 Qe7 11. O-O-O Nbd7 12. e4 Bxf4+ 13. Nxf4 dxe4 14. Nxe4 Nd5
15. Nxd5 cxd5 16. Nc3 O-O-O 17. Kb1 Kb8 18. Qe3 Qd6 19. Nb5 Qc6 20. Qf4+ e5 21.
dxe5 Qxb5 22. e6+ Ka8 23. exd7 Rxd7 24. Qd4 f6 25. c4 Qa5 26. cxd5 Rhd8 27. d6
Rxd6 28. Qxd6 Rxd6 29. Rxd6 a6 30. Rhd1 Qe5 31. h5 Qf4 32. R1d3 f5 33. Rd8+ Ka7
34. R8d4 Qe5 35. a3 fxg4 36. fxg4 Qe2 37. Ka2 Kb6 38. Rb3+ Kc5 39. Rdb4 b5 40.
a4 bxa4 41. Rxa4 Qe6 42. Ka3 Qe2 43. Rc3+ Kd5 44. Rf4 Ke5 45. Ra4 Kd5 46. Ka2
Qe6 47. Rac4 Qe2 48. Rc8 Qxg4 49. R3c5+ Kd6 50. R8c6+ Kd7 51. Rxa6 Qb4 52. Rca5
Kc7 53. Ra3 Qc4+ 54. Kb1 Qf1+ 55. Ka2 Qc4+ 56. Kb1 Qe4+ 57. Ka1 Qh1+ 58. Ka2
Qd5+ 59. Ka1 Qd1+ 60. Ka2 Qd5+ 61. Kb1 Qd1+ 62. Ka2 Qd5+ 63. Ka1 Qd1+ 64. Ka2
Qxh5 65. Ra7+ Kd8 66. Ra8+ Ke7 67. R3a7+ Kf6 68. Ra6+ Kf7 69. R6a7+ Kg6 70. Ra5
Qe2 71. R8a6+ Kh7 72. Rb6 Qc4+ 73. Ka3 Qd3+ 74. b3 Qe3 75. Rab5 Qc3 76. Ka4 Qa1+
77. Kb4 Qd4+ 78. Ka3 Qa1+ 79. Kb4 Qd1 80. Ka3 h5 81. Rc5 h4 82. Rbb5 g6 83. Rc4
Qa1+ 84. Kb4 Qe1+ 85. Ka3 h3 86. Rbc5 h2 87. Rc1 h1=Q 0-1

[Event "PRO League Group Stage"]
[Site "chess.com INT"]
[Date "2019.03.13"]
[Round "10"]
[White "Henriquez Villagra, Cristobal"]
[Black "Mikhalevski, Victor"]
[Result "0-1"]
[WhiteTitle "GM"]
[BlackTitle "GM"]
[WhiteElo "2504"]
[BlackElo "2581"]
[WhiteTeam "Minnesota Blizzard"]
[BlackTeam "Seattle Sluggers"]
[WhiteFideId "3409350"]
[BlackFideId "2801914"]
[EventDate "2019.01.08"]

1. e4 e5 2. Bc4 Nf6 3. Nc3 Nc6 4. d3 Bc5 5. Bg5 h6 6. Bh4 Be7 7. Bg3 d6 8. a3
O-O 9. Nge2 Nh5 10. Nd5 Bg5 11. Nec3 Nd4 12. Qxh5 Nxc2+ 13. Kf1 Nxa1 14. Qd1 c6
15. Ne3 Be6 16. Qxa1 Bxe3 17. fxe3 d5 18. Ba2 dxe4 19. dxe4 Qd3+ 20. Kf2 Rad8
21. Re1 Qc2+ 22. Re2 Rd2 23. Qb1 Rxe2+ 24. Nxe2 Qd2 25. Qc1 Qxc1 26. Nxc1 Bxa2
27. Nxa2 f6 28. Ke2 Kf7 29. Nb4 Ke6 30. Nd3 b6 31. Be1 h5 32. a4 Rd8 33. Bc3 c5
34. b3 Rc8 35. Nb2 a6 36. Nc4 b5 37. Nb6 Rc6 38. a5 g6 39. Be1 Rd6 40. Nd5 f5
41. Nc3 Rc6 42. exf5+ gxf5 43. e4 c4 44. b4 Rd6 45. g3 Rd4 46. Bf2 Rd3 47. Nd5
fxe4 48. Nc7+ Kd6 49. Nxa6 Rb3 50. Be1 c3 51. Nc5 Rxb4 52. Nb7+ Kc7 53. a6 Rb2+
54. Ke3 c2 55. Bd2 Rb1 56. Nc5 Kb6 57. Nxe4 c1=Q 58. Bxc1 Rxc1 59. h3 b4 60. g4
hxg4 61. hxg4 b3 0-1

[Event "PRO League Group Stage"]
[Site "chess.com INT"]
[Date "2019.03.13"]
[Round "10"]
[White "Margvelashvili, Giorgi"]
[Black "Tang, Andrew"]
[Result "0-1"]
[WhiteTitle "GM"]
[BlackTitle "GM"]
[WhiteElo "2530"]
[BlackElo "2487"]
[WhiteTeam "Seattle Sluggers"]
[BlackTeam "Minnesota Blizzard"]
[WhiteFideId "13602926"]
[BlackFideId "2059630"]
[EventDate "2019.01.08"]

1. d4 d5 2. c4 e6 3. Nf3 Nf6 4. Bg5 Be7 5. Nc3 h6 6. Bh4 O-O 7. Qc2 b6 8. cxd5
Nxd5 9. Bxe7 Qxe7 10. Nxd5 exd5 11. Rc1 c5 12. dxc5 Bg4 13. e3 Rc8 14. Be2 bxc5
15. O-O Nd7 16. Rfd1 Be6 17. b3 a5 18. Bb5 Nf6 19. h3 Qb7 20. a4 Ne4 21. Nd2 Nd6
22. Be2 Rab8 23. Bf3 Qb6 24. Qd3 c4 25. bxc4 dxc4 26. Qc3 Qb4 27. Nb1 Nb7 28.
Bxb7 Rxb7 29. Qa1 Bf5 30. Nc3 Bd3 31. Nd5 Qf8 32. Qc3 Ra8 33. Nf4 Rb3 34. Qd4
Rd8 35. Qe5 Qb4 36. Nh5 Qf8 37. Rxc4 Re8 38. Nf6+ gxf6 39. Rg4+ Kh7 40. Qd5 Bc2
41. Rc1 Rb1 42. Rxb1 Bxb1 43. Qxa5 Qd6 44. e4 Re5 45. Qa8 Rg5 46. f3 Qd4+ 47.
Kh1 Rxg4 48. hxg4 Bd3 49. a5 Kg7 50. Qb8 Qa1+ 51. Kh2 Qxa5 52. Qb3 Qe5+ 53. Kh1
Qd4 54. Qd1 Qe3 55. Kh2 Qe2 56. Qc1 Qf2 57. e5 fxe5 58. Qc7 Qd4 59. Qe7 Bg6 60.
Kg3 Qf4+ 61. Kf2 e4 62. Ke2 exf3+ 63. gxf3 Qc4+ 64. Kf2 Qd4+ 65. Kg2 Qf6 66. Qe3
Qe6 67. Qc3+ f6 68. Qc7+ Bf7 69. Qc3 Qe5 70. Qd3 Bd5 71. Kf2 Bc6 72. Qc2 Qh2+ 0-1

[Event "PRO League Group Stage"]
[Site "chess.com INT"]
[Date "2019.03.13"]
[Round "10"]
[White "Bartholomew, John"]
[Black "Mayer, Jacob"]
[Result "1-0"]
[WhiteTitle "IM"]
[WhiteElo "2439"]
[BlackElo "1737"]
[WhiteTeam "Minnesota Blizzard"]
[BlackTeam "Seattle Sluggers"]
[WhiteFideId "2019353"]
[BlackFideId "30925002"]
[EventDate "2019.01.08"]

1. d4 Nf6 2. c4 d6 3. Nf3 g6 4. Nc3 Bg7 5. e4 O-O 6. Be2 e5 7. dxe5 dxe5 8. Qxd8
Rxd8 9. Nd5 Nxd5 10. cxd5 Nd7 11. Bg5 f6 12. Be3 Nb6 13. Rc1 f5 14. Rxc7 fxe4
15. Ng5 Nxd5 16. Bc4 h6 17. Nf7 Nxc7 18. Nxd8+ Kf8 19. O-O Bg4 20. Nxb7 Rb8 21.
Bc5+ Ke8 22. Nd6+ Kd7 23. b3 Bf8 24. Nxe4 Bxc5 25. Nxc5+ Kc6 26. Nd3 Kd6 27. Re1
Re8 28. f3 Bf5 29. Rd1 Kc6 30. Nf2 Be6 31. Bd3 Bf5 32. Rc1+ Kd6 33. Ne4+ Bxe4
34. Bxe4 g5 35. Rc6+ Kd7 36. Rxh6 Ne6 37. Bf5 Kd6 38. Kf2 Kd5 39. Bxe6+ Rxe6 40.
Rxe6 Kxe6 41. Ke3 Kd5 42. g3 a5 43. h4 gxh4 44. gxh4 Kc5 45. h5 Kb4 46. h6 Ka3
47. h7 Kxa2 48. h8=Q Kxb3 49. Qxe5 1-0

[Event "PRO League Group Stage"]
[Site "chess.com INT"]
[Date "2019.03.13"]
[Round "10"]
[White "Sarana, Alexey"]
[Black "Wang, Yue"]
[Result "1-0"]
[WhiteTitle "GM"]
[BlackTitle "GM"]
[WhiteElo "2630"]
[BlackElo "2684"]
[WhiteTeam "Australia Kangaroos"]
[BlackTeam "Chengdu Pandas"]
[WhiteFideId "24133795"]
[BlackFideId "8601429"]
[EventDate "2019.01.08"]

1. d4 d5 2. c4 e6 3. Nf3 a6 4. cxd5 exd5 5. Nc3 h6 6. Qb3 Nf6 7. Bf4 Bd6 8. Bxd6
Qxd6 9. e3 O-O 10. Bd3 Nbd7 11. O-O c5 12. dxc5 Nxc5 13. Qc2 Bg4 14. Nd4 Rac8
15. h3 Bd7 16. Rfd1 Qb6 17. Rac1 Nxd3 18. Rxd3 Rc4 19. Rcd1 Rfc8 20. Qe2 Be6 21.
R3d2 Qc7 22. Qf3 Qe5 23. a3 Ne4 24. Nxe4 dxe4 25. Qg3 Qxg3 26. fxg3 Rc1 27. g4
Kf8 28. Kf2 Rxd1 29. Rxd1 Ke7 30. Rd2 g5 31. Ne2 Rc5 32. Nc3 f5 33. gxf5 Bxf5
34. Rd4 h5 35. Nxe4 Rc2+ 36. Kf3 g4+ 37. Kf4 gxh3 38. Kxf5 hxg2 39. Rd1 h4 40.
Kg4 Rxb2 41. Kxh4 Rb3 42. Ng3 Rxa3 43. e4 b5 44. Rg1 Ra2 45. Kg4 b4 46. Kf3 b3
47. Rb1 a5 48. Nf5+ Kf6 49. Ne3 a4 50. Nxg2 Ke5 51. Ne3 Rh2 52. Ng4+ Kd4 53.
Nxh2 Kc3 54. e5 a3 55. e6 a2 56. Rc1+ Kb2 57. Re1 a1=Q 58. Rxa1 Kxa1 59. Nf1 1-0

[Event "PRO League Group Stage"]
[Site "chess.com INT"]
[Date "2019.03.13"]
[Round "10"]
[White "Xu, Xiangyu"]
[Black "Smirnov, Anton"]
[Result "1/2-1/2"]
[WhiteTitle "GM"]
[BlackTitle "GM"]
[WhiteElo "2567"]
[BlackElo "2569"]
[WhiteTeam "Chengdu Pandas"]
[BlackTeam "Australia Kangaroos"]
[WhiteFideId "8608288"]
[BlackFideId "3208923"]
[EventDate "2019.01.08"]

1. Nf3 d5 2. g3 g6 3. Bg2 Bg7 4. d4 Nf6 5. c4 c6 6. cxd5 cxd5 7. Nc3 Ne4 8. Qb3
Nxc3 9. bxc3 O-O 10. h4 h6 11. Nd2 e6 12. e4 Nc6 13. h5 g5 14. e5 f6 15. exf6
Qxf6 16. O-O b6 17. Ba3 Rf7 18. Qb5 Bd7 19. Qd3 Qf5 20. Qxf5 Rxf5 21. Bh3 Rf7
22. Rae1 e5 23. Bg2 Be6 24. dxe5 g4 25. Bd6 Rc8 26. Nb3 Bf8 27. Re3 Rf5 28. Rd1
Bxd6 29. exd6 Bf7 30. c4 Ne5 31. Bxd5 Rd8 32. Rde1 Nf3+ 33. Bxf3 gxf3 34. Nd4
Rxh5 35. Rxf3 Rxd6 36. Nf5 Re6 37. Ne3 Ra5 38. Rd1 Rxa2 39. Rd7 Be8 40. Rd8 Ra1+
41. Kg2 Kg7 42. Nd5 Bc6 43. Rf4 Rd1 44. Rg4+ Kf7 45. Rf4+ Kg7 46. Rg4+ Kf7 47.
Rf4+ Kg7 1/2-1/2

[Event "PRO League Group Stage"]
[Site "chess.com INT"]
[Date "2019.03.13"]
[Round "10"]
[White "Fernandez, Daniel Howard"]
[Black "Li, Di"]
[Result "1-0"]
[WhiteTitle "GM"]
[BlackTitle "IM"]
[WhiteElo "2465"]
[BlackElo "2488"]
[WhiteTeam "Australia Kangaroos"]
[BlackTeam "Chengdu Pandas"]
[WhiteFideId "5801605"]
[BlackFideId "8607508"]
[EventDate "2019.01.08"]

1. e4 e5 2. Nf3 Nc6 3. Bb5 Nf6 4. O-O Nxe4 5. d4 Nd6 6. dxe5 Nxb5 7. a4 d6 8. e6
Bxe6 9. axb5 Ne5 10. Nd4 c5 11. bxc6 Nxc6 12. Nc3 Nxd4 13. Qxd4 Be7 14. Qxg7 Bf6
15. Qg3 h5 16. Ne4 h4 17. Nxf6+ Qxf6 18. Qxd6 h3 19. Rxa7 Rd8 20. Qf4 Qg6 21.
Qg5 Rg8 22. Qxg6 Rxg6 23. g3 Bd5 24. Re1+ Re6 25. Be3 Bf3 26. Raa1 Kd7 27. c4
Re4 28. b3 Ke6 29. Ra5 f5 30. Rb5 f4 31. Rb6+ Kf5 32. Rb5+ Ke6 33. gxf4 Rg8+ 34.
Rg5 Rxg5+ 35. fxg5 Kf5 36. Kf1 Rg4 37. Bb6 Kxg5 38. Re3 Bg2+ 39. Ke2 Re4 40. f3
Rxe3+ 41. Bxe3+ Kf5 42. b4 Ke6 43. Kf2 Bh1 44. b5 Kd6 45. Kg3 Bg2 46. Kg4 Bf1
47. c5+ Kd7 48. c6+ bxc6 49. b6 Ba6 50. f4 Kd6 51. Kxh3 c5 52. f5 Kc6 53. f6 Bc4
54. Bxc5 1-0

[Event "PRO League Group Stage"]
[Site "chess.com INT"]
[Date "2019.03.13"]
[Round "10"]
[White "Zhai, Mo"]
[Black "Song, Raymond"]
[Result "0-1"]
[WhiteTitle "WGM"]
[BlackTitle "FM"]
[WhiteElo "2365"]
[BlackElo "2329"]
[WhiteTeam "Chengdu Pandas"]
[BlackTeam "Australia Kangaroos"]
[WhiteFideId "8600201"]
[BlackFideId "3203824"]
[EventDate "2019.01.08"]

1. d4 Nf6 2. c4 e6 3. Nc3 Bb4 4. Nf3 O-O 5. Bg5 c5 6. d5 h6 7. Bh4 exd5 8. cxd5
d6 9. e3 Nbd7 10. Bd3 Qa5 11. O-O Bxc3 12. bxc3 Nxd5 13. c4 Nb4 14. Be2 Ne5 15.
Qxd6 Ng6 16. Bg3 Rd8 17. Qc7 Qxc7 18. Bxc7 Rd7 19. Bg3 b6 20. a3 Nc6 21. Rfd1
Rxd1+ 22. Rxd1 Be6 23. h4 Na5 24. h5 Ne7 0-1

[Event "PRO League Group Stage"]
[Site "chess.com INT"]
[Date "2019.03.13"]
[Round "10"]
[White "Brown, Michael William"]
[Black "Mamedyarov, Shakhriyar"]
[Result "0-1"]
[WhiteTitle "IM"]
[BlackTitle "GM"]
[WhiteElo "2524"]
[BlackElo "2817"]
[WhiteTeam "San Diego Surfers"]
[BlackTeam "San Jose Hackers"]
[WhiteFideId "2037602"]
[BlackFideId "13401319"]
[EventDate "2019.01.08"]

1. Nf3 Nf6 2. c4 b6 3. b3 Bb7 4. Bb2 g6 5. e3 Bg7 6. d4 O-O 7. Bd3 d6 8. Qc2
Nbd7 9. Nbd2 e5 10. dxe5 dxe5 11. Nxe5 Nxe5 12. Bxe5 Qe7 13. Bb2 Bxg2 14. Rg1
Bb7 15. O-O-O a5 16. a3 Rad8 17. c5 Rd5 18. b4 axb4 19. axb4 bxc5 20. b5 Rh5 21.
Nb3 Bf3 22. Rd2 Ne4 23. Bxg7 Kxg7 24. Bxe4 Bxe4 25. Qc3+ Qf6 26. Kb2 Rb8 27. f4
c4 28. Qxf6+ Kxf6 29. Nd4 c5 30. Ne2 Rxh2 31. Kc3 Bd3 32. Nc1 Rxd2 33. Kxd2 Rxb5
34. Nxd3 cxd3 35. Kxd3 Rb3+ 36. Ke4 c4 37. Rc1 Rb4 38. Kd4 h5 39. e4 Ra4 40. Re1
h4 41. Re3 c3+ 42. Kd3 Ra3 43. Kc2 Ra2+ 44. Kb3 Rf2 0-1

[Event "PRO League Group Stage"]
[Site "chess.com INT"]
[Date "2019.03.13"]
[Round "10"]
[White "Safarli, Eltaj"]
[Black "Bryant, John Daniel"]
[Result "1-0"]
[WhiteTitle "GM"]
[BlackTitle "IM"]
[WhiteElo "2681"]
[BlackElo "2449"]
[WhiteTeam "San Jose Hackers"]
[BlackTeam "San Diego Surfers"]
[WhiteFideId "13402129"]
[BlackFideId "2031280"]
[EventDate "2019.01.08"]

1. e4 e5 2. Nc3 Nf6 3. g3 d5 4. exd5 Nxd5 5. Bg2 Nxc3 6. bxc3 Nc6 7. Nf3 Bd6 8.
O-O O-O 9. d3 Bg4 10. h3 Bh5 11. Rb1 Rb8 12. g4 Bg6 13. Ng5 Qd7 14. Be3 b6 15.
h4 f6 16. h5 Be8 17. Ne4 h6 18. Ng3 Bf7 19. Be4 Bxa2 20. Ra1 Be6 21. Nf5 Ne7 22.
Qf3 a5 23. Kh1 Kh8 24. Rg1 Nxf5 25. gxf5 Bf7 26. c4 Rg8 27. Rg6 Bxg6 28. hxg6
Bc5 29. Bxc5 bxc5 30. Rxa5 Qd4 31. Qe3 Rb2 32. Qxd4 cxd4 33. Kg2 Rxc2 34. Rc5 h5
35. Rxc7 h4 36. c5 h3+ 37. Kxh3 Rxf2 38. c6 Rc2 39. Kg3 Rc5 40. Rd7 Rc8 41. Kf3
Kg8 42. Bd5+ Rxd5 43. Rxd5 Kf8 44. Rd6 Ke7 45. Rd7+ Ke8 46. Rxg7 Rxc6 47. Rg8+
Ke7 48. Ra8 Rc1 49. g7 Rf1+ 50. Ke2 1-0

[Event "PRO League Group Stage"]
[Site "chess.com INT"]
[Date "2019.03.13"]
[Round "10"]
[White "Hilby, Craig"]
[Black "Aleskerov, Faik"]
[Result "1-0"]
[WhiteTitle "IM"]
[WhiteElo "2445"]
[BlackElo "2315"]
[WhiteTeam "San Diego Surfers"]
[BlackTeam "San Jose Hackers"]
[WhiteFideId "2062674"]
[BlackFideId "13401262"]
[EventDate "2019.01.08"]

1. d4 d5 2. c4 Bf5 3. cxd5 Bxb1 4. Rxb1 Qxd5 5. e3 Qxa2 6. Bd2 Qd5 7. Nf3 Nf6 8.
Qc2 c6 9. Bc4 Qd8 10. Qb3 e6 11. Qxb7 Nbd7 12. Qxc6 Rc8 13. Qa4 Bd6 14. O-O O-O
15. Bd3 e5 16. Ba6 Rb8 17. dxe5 Nxe5 18. Nxe5 Bxe5 19. Rfd1 Qe7 20. b3 Ne4 21.
g3 Bc3 22. Bc1 Bb4 23. Bb2 Nd2 24. Rbc1 Nf3+ 25. Kh1 Rb6 26. Be2 Qe4 27. Bxf3
Qxf3+ 28. Kg1 Be7 29. Rd7 Bf6 30. Ba3 Rfb8 31. Qc4 Re6 32. Rxa7 h5 33. Qf4 Qxf4
34. exf4 Rxb3 35. Rc8+ Kh7 36. f5 Re5 37. Bd6 Rxf5 38. Rxf7 Rb1+ 39. Kg2 Rb2 40.
Bf4 h4 41. Rcc7 Kg6 42. Be3 Rh5 43. Rfd7 h3+ 44. Kf3 Rf5+ 45. Kg4 Rh5 46. Rxg7+
Bxg7 47. Rxg7+ Kxg7 48. Kxh5 Rb4 49. g4 Rb8 50. Kh4 Rh8+ 51. Kg3 Kg6 52. Bd4 Rd8
53. Be3 Rh8 54. f4 Re8 55. f5+ Kf7 56. Bf4 Re4 57. g5 Ra4 58. Be5 Re4 59. g6+
Kg8 60. Ba1 Ra4 61. Bf6 Ra3+ 62. Kg4 Ra4+ 63. Kg5 Ra2 64. Be5 Rg2+ 65. Kh6 Rf2
66. Bd4 Rxh2 67. f6 Rf2 68. Bxf2 h2 69. f7+ Kf8 70. Bc5# 1-0

[Event "PRO League Group Stage"]
[Site "chess.com INT"]
[Date "2019.03.13"]
[Round "10"]
[White "Ravuri, Vinesh"]
[Black "Shlyakhtenko, Robert"]
[Result "0-1"]
[WhiteElo "2042"]
[BlackElo "2190"]
[WhiteTeam "San Jose Hackers"]
[BlackTeam "San Diego Surfers"]
[WhiteFideId "45042632"]
[BlackFideId "30936934"]
[EventDate "2019.01.08"]

1. d4 Nf6 2. Nc3 c5 3. dxc5 e6 4. Bf4 Bxc5 5. e3 O-O 6. Nf3 Nc6 7. Bd3 Qe7 8.
O-O d5 9. e4 dxe4 10. Nxe4 Nxe4 11. Bxe4 h6 12. c3 Bd7 13. Qe2 Rfd8 14. Rad1 Be8
15. Bb1 Rxd1 16. Rxd1 Rd8 17. Re1 Qf6 18. Qe4 g5 19. Bg3 Bd6 20. Bxd6 Rxd6 21.
h4 Kf8 22. hxg5 hxg5 23. Qg4 Rd5 24. c4 Ne5 25. Nxe5 Rxe5 26. Rd1 Bc6 27. Qd4
Re1+ 28. Kh2 Qxd4 29. Rxd4 Rxb1 0-1

[Event "PRO League Group Stage"]
[Site "chess.com INT"]
[Date "2019.03.13"]
[Round "10"]
[White "Naroditsky, Daniel"]
[Black "Xiong, Jeffery"]
[Result "1/2-1/2"]
[WhiteTitle "GM"]
[BlackTitle "GM"]
[WhiteElo "2616"]
[BlackElo "2672"]
[WhiteTeam "San Francisco Mechanics"]
[BlackTeam "Dallas Destiny"]
[WhiteFideId "2026961"]
[BlackFideId "2047640"]
[EventDate "2019.01.08"]

1. d4 Nf6 2. Nc3 d5 3. Bf4 e6 4. e3 Bb4 5. Bd3 c5 6. dxc5 Nbd7 7. Nf3 Nxc5 8.
O-O Bxc3 9. bxc3 O-O 10. Be2 b6 11. c4 Bb7 12. Qd4 Qe7 13. cxd5 Nxd5 14. Bg3
Rfd8 15. c4 Nb4 16. Qb2 Nbd3 17. Qa3 Rd7 18. Nd4 e5 19. Bxd3 exd4 20. Bf5 Rdd8
21. exd4 Rxd4 22. Rae1 Qf6 23. Qe3 Qc6 24. f3 Rxc4 25. Qe7 Rd4 26. Be5 Rdd8 27.
Bxg7 Kxg7 28. Qg5+ Kf8 29. Qe7+ Kg7 30. Qg5+ Kf8 31. Qe7+ Kg7 32. Qg5+ 1/2-1/2

[Event "PRO League Group Stage"]
[Site "chess.com INT"]
[Date "2019.03.13"]
[Round "10"]
[White "Holt, Conrad"]
[Black "Zierk, Steven"]
[Result "1-0"]
[WhiteTitle "GM"]
[BlackTitle "GM"]
[WhiteElo "2548"]
[BlackElo "2510"]
[WhiteTeam "Dallas Destiny"]
[BlackTeam "San Francisco Mechanics"]
[WhiteFideId "2034387"]
[BlackFideId "2034255"]
[EventDate "2019.01.08"]

1. d4 Nf6 2. c4 g6 3. Nc3 d5 4. Bf4 Bg7 5. e3 O-O 6. Rc1 dxc4 7. Bxc4 c5 8. d5
Qa5 9. Ne2 a6 10. a4 Bd7 11. O-O b5 12. axb5 axb5 13. Bb3 c4 14. Bc2 b4 15. Ne4
Nxd5 16. Bb1 Rc8 17. Qd2 Nb6 18. h3 Bc6 19. Nd4 Bb7 20. Bg5 Ra7 21. f4 Nc6 22.
Nf3 Na4 23. f5 Bxb2 24. f6 b3 25. Qf2 c3 26. Qh4 h5 27. fxe7 c2 28. Bxc2 bxc2
29. Rxc2 Nxe7 30. Rxb2 Bxe4 31. Rbf2 Bxf3 32. Bxe7 Bd5 33. Rf5 Rxe7 34. Qxe7
gxf5 35. Rxf5 Qe1+ 36. Kh2 Rc1 37. Rg5+ Kh7 38. Rxh5+ Kg7 39. Qg5+ Kf8 40. Rh8# 1-0